000 00448nam a2200205Ia 4500
001 12301
003 GE_BSU
008 181216s||||||||xx |||||||||||||| ||und||
020 _a9780007262809
040 _cGE_BSU
080 _a821.111-31
100 _aGregory, Philippa
245 4 _aThe other boleyn girl
260 _aLondon
260 _bHarper
260 _c2001
300 _a529p.20cm.
653 _aThe other boleyn girl
942 _cBK
999 _c45476
_d45476